00907cam a2200265 a 4500001000500000005001700005020001800022040002300040050001600063082001200079100003100091245008800122250002300210260003800233300004900271490002800320505000800348520012600356521002900482521002000511650003400531650002500565650001900590700003200609411720240607113520.0 a9781568998213 aDLCcDLCdDLCbeng00aPZ10.3.G15300a595.7991 aGalvin, Laura Gatesd1963-10aBumblebee at Apple Tree Lane /cby Laura Gates Galvin ; illustrated by Kristin Kest aFirst Edition 2000 aNorwalk, CT :bSoundprints,c2000 a31 pages : bcolor illustrations ;c12 cm .  a Smithsonian's Backyard aG  aBumblebee emerges from hibernation, builds a nest, lays eggs, and begins the process of creating a busy bumblebee colony. a400 bLexile estimate  aG bRaz-Plus  0aBumblebeesvJuvenile fiction. 1aBumblebeesvFiction. 1aBeesvFiction.1 aKest, Kristineillustrator